<?xml version="1.0" encoding="UTF-8"?>
<record
    xmlns:xsi="http://www.w3.org/2001/XMLSchema-instance"
    xsi:schemaLocation="http://www.loc.gov/MARC21/slim http://www.loc.gov/standards/marcxml/schema/MARC21slim.xsd"
    xmlns="http://www.loc.gov/MARC21/slim">

  <leader>02369nam a2200229Ia 4500</leader>
  <controlfield tag="003">OSt</controlfield>
  <controlfield tag="005">20251111104506.0</controlfield>
  <controlfield tag="008">210210b2015   xxu||||| |||| 00| 0 eng d</controlfield>
  <datafield tag="040" ind1=" " ind2=" ">
    <subfield code="c">AL</subfield>
  </datafield>
  <datafield tag="041" ind1=" " ind2=" ">
    <subfield code="a">Kannada</subfield>
  </datafield>
  <datafield tag="082" ind1=" " ind2=" ">
    <subfield code="a">K894.4 BANK</subfield>
  </datafield>
  <datafield tag="100" ind1=" " ind2=" ">
    <subfield code="a">BANJAGERE JAYAPRAKASH</subfield>
    <subfield code="d">&#xCAC;&#xC82;&#xC9C;&#xC97;&#xCC6;&#xCB0;&#xCC6; &#xC9C;&#xCAF;&#xCAA;&#xCCD;&#xCB0;&#xC95;&#xCBE;&#xCB6;&#xCCD;</subfield>
    <subfield code="9">244951</subfield>
  </datafield>
  <datafield tag="245" ind1=" " ind2=" ">
    <subfield code="a">Kannada rashtriyate</subfield>
    <subfield code="b">&#xC95;&#xCA8;&#xCCD;&#xCA8;&#xCA1; &#xCB0;&#xCBE;&#xCB7;&#xCCD;&#xC9F;&#xCCD;&#xCB0;&#xCC0;&#xCAF;&#xCA4;&#xCC6;</subfield>
  </datafield>
  <datafield tag="260" ind1=" " ind2=" ">
    <subfield code="a">Bengaluru</subfield>
    <subfield code="b">Abhinava Prakashana</subfield>
    <subfield code="c">2015</subfield>
  </datafield>
  <datafield tag="300" ind1=" " ind2=" ">
    <subfield code="a">xi,383</subfield>
  </datafield>
  <datafield tag="520" ind1=" " ind2=" ">
    <subfield code="a">
'&#xCB0;&#xCBE;&#xCB7;&#xCCD;&#xC9F;&#xCCD;&#xCB0;&#xCC0;&#xCAF;&#xCA4;&#xCC6;' &#xC8E;&#xCA8;&#xCCD;&#xCA8;&#xCC1;&#xCB5;&#xCC1;&#xCA6;&#xCA8;&#xCCD;&#xCA8;&#xCC1; &#xC86;&#xCAF;&#xCBE; &#xCAD;&#xCBE;&#xCB7;&#xCBF;&#xC95; &#xC9C;&#xCA8;&#xCB0; &#xCAC;&#xCA6;&#xCC1;&#xC95;&#xCBF;&#xCA8; &#xC8F;&#xC95;&#xCB0;&#xCC2;&#xCAA;&#xCC0; &#xCA8;&#xCC6;&#xCB2;&#xCC6;&#xCAF;&#xCB2;&#xCCD;&#xCB2;&#xCBF; &#xCAE;&#xCBE;&#xCA4;&#xCCD;&#xCB0; &#xC97;&#xCCD;&#xCB0;&#xCB9;&#xCBF;&#xCB8;&#xCB2;&#xCBE;&#xC97;&#xCC1;&#xCB5;&#xCC1;&#xCA6;&#xCBF;&#xCB2;&#xCCD;&#xCB2;. &#xC8F;&#xC95;&#xCC6;&#xC82;&#xCA6;&#xCB0;&#xCC6; &#xCAD;&#xCBE;&#xCB7;&#xCBE; &#xCB8;&#xC82;&#xCB5;&#xCC7;&#xCA6;&#xCA8;&#xCC6; &#xC87;&#xC82;&#xCA5; &#xC95;&#xCA1;&#xCC6; &#xCAC;&#xCB9;&#xCC1;&#xCAA;&#xCBE;&#xCB2;&#xCC1; &#xC85;&#xCAE;&#xCC1;&#xC96;&#xCCD;&#xCAF;&#xCB5;&#xCBE;&#xC97;&#xCBF; &#xC86;&#xCAF;&#xCBE; &#xCAD;&#xCBE;&#xCB7;&#xCBF;&#xC95; &#xCB8;&#xCAE;&#xCC1;&#xCA6;&#xCBE;&#xCAF;&#xCA6; &#xCB5;&#xCB0;&#xCCD;&#xC97;, &#xC9C;&#xCBE;&#xCA4;&#xCBF; &#xCB6;&#xCCD;&#xCB0;&#xCC7;&#xCA3;&#xCC0;&#xC95;&#xCB0;&#xCA3;&#xC97;&#xCB3;&#xCC1; &#xCAE;&#xCC1;&#xCA8;&#xCCD;&#xCA8;&#xCC6;&#xCB2;&#xCC6;&#xC97;&#xCC6; &#xCAC;&#xC82;&#xCA6;&#xCC1;&#xCAC;&#xCBF;&#xCA1;&#xCC1;&#xCA4;&#xCCD;&#xCA4;&#xCB5;&#xCC6;. &#xC86;&#xCA6;&#xCCD;&#xCA6;&#xCB0;&#xCBF;&#xC82;&#xCA6; &#xCB0;&#xCBE;&#xCB7;&#xCCD;&#xC9F;&#xCCD;&#xCB0;&#xCC0;&#xCAF;&#xCA4;&#xCC6; &#xC8E;&#xCA8;&#xCCD;&#xCA8;&#xCC1;&#xCB5;&#xCC1;&#xCA6;&#xCC1; &#xCB5;&#xCB0;&#xCCD;&#xC97;, &#xC9C;&#xCBE;&#xCA4;&#xCBF; &#xCB6;&#xCCD;&#xCB0;&#xCC7;&#xCA3;&#xCC0;&#xC95;&#xCB0;&#xCA3;&#xCB5;&#xCA8;&#xCCD;&#xCA8;&#xCC1; &#xCAE;&#xCC0;&#xCB0;&#xCBF;&#xCA6; &#xC92;&#xC82;&#xCA6;&#xCC1; &#xCB8;&#xC82;&#xCB5;&#xCC7;&#xCA6;&#xCA8;&#xCC6;&#xCAF;&#xCC6;&#xC82;&#xCA6;&#xCC7; &#xCA8;&#xCBE;&#xCB5;&#xCC1; &#xC97;&#xCCD;&#xCB0;&#xCB9;&#xCBF;&#xCB8;&#xCAC;&#xCC7;&#xC95;&#xCBE;&#xC97;&#xCC1;&#xCA4;&#xCCD;&#xCA4;&#xCA6;&#xCC6;. &#xC87;&#xC82;&#xCA5; &#xCB8;&#xC82;&#xCB5;&#xCC7;&#xCA6;&#xCA8;&#xCC6; &#xC8E;&#xCB2;&#xCCD;&#xCB2; &#xC95;&#xCBE;&#xCB2;&#xC95;&#xCCD;&#xC95;&#xCC2; &#xC86;&#xCAF;&#xCBE; &#xCAD;&#xCBE;&#xCB7;&#xCBF;&#xC95; &#xC9C;&#xCA8;&#xCB0; &#xCAC;&#xCA6;&#xCC1;&#xC95;&#xCBF;&#xCA8;&#xCB2;&#xCCD;&#xCB2;&#xCBF; &#xC9C;&#xCBE;&#xC97;&#xCC3;&#xCA4;&#xCB5;&#xCBE;&#xC97;&#xCBF;&#xCB0;&#xCC1;&#xCA4;&#xCCD;&#xCA4;&#xCA6;&#xCC6;&#xCAF;&#xCC7;? &#xC88; &#xCAA;&#xCCD;&#xCB0;&#xCB6;&#xCCD;&#xCA8;&#xCC6;&#xC97;&#xCC6; &#xC89;&#xCA4;&#xCCD;&#xCA4;&#xCB0; &#xCAC;&#xCB9;&#xCC1;&#xCB6;&#xC83; &#xCA8;&#xC95;&#xCBE;&#xCB0;&#xCBE;&#xCA4;&#xCCD;&#xCAE;&#xC95;&#xCB5;&#xCBE;&#xC97;&#xCBF;&#xCAF;&#xCC7; &#xC87;&#xCB0;&#xCC1;&#xCA4;&#xCCD;&#xCA4;&#xCA6;&#xCC6;. &#xC8F;&#xC95;&#xCC6;&#xC82;&#xCA6;&#xCB0;&#xCC6; &#xC9A;&#xCB0;&#xCBF;&#xCA4;&#xCCD;&#xCB0;&#xCC6;&#xCAF; &#xC97;&#xCA4;&#xCBF;&#xCA4;&#xCB0;&#xCCD;&#xC95;&#xCB5;&#xCC1; &#xCAE;&#xCA8;&#xCC1;&#xCB7;&#xCCD;&#xCAF;&#xCA8; &#xCAC;&#xCA6;&#xCC1;&#xC95;&#xCA8;&#xCCD;&#xCA8;&#xCC1;, &#xCAD;&#xCBE;&#xCB7;&#xCC6;&#xCAF; &#xC9A;&#xCB9;&#xCB0;&#xCC6;&#xCAF;&#xCA8;&#xCCD;&#xCA8;&#xCC7; &#xCAA;&#xCCD;&#xCB0;&#xCA7;&#xCBE;&#xCA8;&#xCB5;&#xCC6;&#xC82;&#xCA6;&#xCC1; &#xC8E;&#xCB2;&#xCCD;&#xCB2; &#xCB5;&#xCC7;&#xCB3;&#xCC6;&#xCAF;&#xCB2;&#xCCD;&#xCB2;&#xCC2; &#xCAD;&#xCBE;&#xCB5;&#xCBF;&#xCB8;&#xCC1;&#xCB5;&#xCC1;&#xCA6;&#xCBF;&#xCB2;&#xCCD;&#xCB2;.

-&#xCAC;&#xCB8;&#xCB5;&#xCB0;&#xCBE;&#xC9C; &#xC95;&#xCB2;&#xCCD;&#xC97;&#xCC1;&#xCA1;&#xCBF; </subfield>
  </datafield>
  <datafield tag="650" ind1=" " ind2=" ">
    <subfield code="2">Kannada rashtriyate: samajika, samskratika berugala rajakiyartika adhyayana </subfield>
  </datafield>
  <datafield tag="650" ind1=" " ind2=" ">
    <subfield code="a">&#xC95;&#xCA8;&#xCCD;&#xCA8;&#xCA1; &#xCB0;&#xCBE;&#xCB7;&#xCCD;&#xC9F;&#xCCD;&#xCB0;&#xCC0;&#xCAF;&#xCA4;&#xCC6;: &#xCB8;&#xCBE;&#xCAE;&#xCBE;&#xC9C;&#xCBF;&#xC95;, &#xCB8;&#xCBE;&#xC82;&#xCB8;&#xCCD;&#xC95;&#xCC3;&#xCA4;&#xCBF;&#xC95; &#xCAC;&#xCC7;&#xCB0;&#xCC1;&#xC97;&#xCB3; &#xCB0;&#xCBE;&#xC9C;&#xC95;&#xCC0;&#xCAF; &#xC85;&#xCA7;&#xCCD;&#xCAF;&#xCAF;&#xCA8;</subfield>
    <subfield code="9">244953</subfield>
  </datafield>
  <datafield tag="690" ind1=" " ind2=" ">
    <subfield code="a">Kannada Prose</subfield>
    <subfield code="9">244952</subfield>
  </datafield>
  <datafield tag="906" ind1=" " ind2=" ">
    <subfield code="a">071275</subfield>
  </datafield>
  <datafield tag="942" ind1=" " ind2=" ">
    <subfield code="2">ddc</subfield>
    <subfield code="c">BK</subfield>
  </datafield>
  <datafield tag="999" ind1=" " ind2=" ">
    <subfield code="c">120620</subfield>
    <subfield code="d">120620</subfield>
  </datafield>
  <datafield tag="952" ind1=" " ind2=" ">
    <subfield code="0">0</subfield>
    <subfield code="1">0</subfield>
    <subfield code="2">ddc</subfield>
    <subfield code="4">0</subfield>
    <subfield code="7">0</subfield>
    <subfield code="8">KAN</subfield>
    <subfield code="a">AL</subfield>
    <subfield code="b">AL</subfield>
    <subfield code="c">Kannada Literature</subfield>
    <subfield code="d">2021-02-17</subfield>
    <subfield code="e">Navakarnataka Publication Pvt Ltd Mangalore</subfield>
    <subfield code="g">375.00</subfield>
    <subfield code="l">0</subfield>
    <subfield code="o">K894.4 BANK</subfield>
    <subfield code="p">071275</subfield>
    <subfield code="r">2021-02-17 00:00:00</subfield>
    <subfield code="w">2021-02-17</subfield>
    <subfield code="y">BK</subfield>
  </datafield>
</record>
